|
|
|
|
| LEADER |
01048nam a2200289 i 4500 |
| 001 |
c000320478 |
| 003 |
CARM |
| 005 |
00000000000000.0 |
| 008 |
750626s1975 maua b 00110 eng |
| 019 |
1 |
|
|a 382328
|z 23048991
|5 LACONCORD2021
|
| 020 |
|
|
|a 0669997056
|
| 035 |
|
|
|a (OCoLC)1529181
|5 LACONCORD2021
|
| 043 |
|
|
|a n-us---
|
| 050 |
0 |
0 |
|a HT167
|b .R87
|
| 100 |
1 |
|
|a Rust, Edgar.
|
| 245 |
1 |
0 |
|a No growth :
|b impacts on metropolitan areas /
|c Edgar Rust.
|
| 260 |
|
|
|a Lexington, Mass. :
|b Lexington Books,
|c [1975]
|
| 300 |
|
|
|a xviii, 241 p. :
|b ill. ;
|c 24 cm.
|
| 500 |
|
|
|a Includes index.
|
| 504 |
|
|
|a Bibliography: p. 223-235.
|
| 650 |
|
0 |
|a City planning
|z United States.
|
| 650 |
|
0 |
|a Metropolitan areas
|z United States.
|
| 650 |
|
0 |
|a Cities and towns
|z United States
|x Growth.
|
| 852 |
8 |
|
|b CARM
|h A1:AN08F0
|i C09668
|p 0412862
|f BK
|
| 082 |
0 |
4 |
|a 309.2/62/0973
|
| 999 |
f |
f |
|i cbbb32e7-5db1-5a9a-a2b8-684692933c92
|s ffaf2339-e8ac-5abf-80f0-d6d7523c7c82
|
| 952 |
f |
f |
|p Can circulate
|a CAVAL
|b CAVAL
|c CAVAL
|d CARM 1 Store
|e C09668
|f A1:AN08F0
|h Other scheme
|i book
|m 0412862
|